=LDR 00000nam 2200000 4500 =001 INLIS000000000024381 =005 20170401145125.0 =006 =007 =008 Ind =035 ##$$0010-061300000024381 =041 ##$$a Ind =082 ##$$a 028.5 =090 ##$$a 028.5, Ber d =100 ##$$a Berenstain, Michael =245 ##$$a Dinosaurus ekor berduri, Michael Bernstain =260 ##$$a 1992 $b Jakarta =300 ##$$a 22 hlm, ilus, 21 cm =650 ##$$a Hewan purbakala =850 ##$$a NBPNMAT